000 00740nam a2200241Ia 4500
003 IN-BaIIA
008 211028s9999 xx 000 0 eng d
020 _a0-8243-0940-5
040 _cIIA Library
080 _a047.1:52
_bARA-40
245 0 _aAnnual review of astronomy and astrophysics
_bvol. 40
_cedited by Geoffrey Burbidge, Allan Sandage and Frank H. Shu
260 _aCalifornia
_bAnnual Reviews
_c2002
300 _aix, 721p.
650 _aCosmology
650 _aGalaxies
_91286
650 _aGamma-Ray Bursts
_910403
650 _aPlanetary Nebulae
_95510
650 _aRadio Astronomy
_92849
700 _aBurbidge, Geoffrey, ed.
700 _aSandage, A., ed.
_917045
700 _aShu, F.H., ed.
_923508
942 _cBK
999 _c14848
_d14848